000 00758nam a2200253 a 4500
003 PILC
005 20160215071423.0
008 090304s19uu xx 00 eng d
020 _a9780073406718
050 _aBF 637.I5
_b.St75 2008
100 _aStewart, Charles J.
245 _aInterviewing :
_bprinciples and practices /
_cCharles J. Stewart
250 _a12th edition.
260 _aBoston, U.S.A :
_bMcGRaw-Hill,
_c2008.
300 _a438 pages :
_billustrations ;
_c24 cm.
500 _aIncludes glossary and index.
650 _aBSBA.
650 _aInterviewing
_xTextbooks.
650 _aEmployment interviewing
_xTextbooks.
650 _aCounselling
_xTextbooks.
700 _aCash, William B.
942 _cBK
_2lcc
_kFOR
999 _c23447
_d23447